00626 2200241 4500001002100000005001700021008004100038035002400079082001100103090001800114100002500132245006300157250001100220260003300231300002500264650002000289850001500309980001100324985000600335986001300341999001500354999001500369YOGYA-0209000001263820090227022238.0 ind  0010-020900000012638 a155.93 a155.93bSer T aSEREBRIAKOFF, Victor aTes IQbbagaimana inteligensia anda ?cVictor Serebriakoff aCet. 8 aSemarangbDahara Prizec1996 a124 hlmbilusc21 cm aTes inteligensi aYOPDYOG(B) a060605 a2 afwhrtrev a96P0085582 a96P0085583